Les Fêtes du calendrier de l'Eglise catholique - Statistiques

Statistiques générales
  • Ce quiz a été pris 55 fois
  • Le résultat moyen est 5 sur 24
Statistiques - réponses
Date Indice Fête % Correct
27 décembre SJ St Jean
58%
26 décembre SE St Etienne
53%
2 février C Chandeleur
36%
21 septembre SM St Matthieu
36%
22 juillet SMM Ste Marie-Madeleine
32%
3 juillet ST St Thomas
32%
18 octobre SL St Luc
30%
25 avril SM St Marc
30%
8 septembre NDLV Nativité de la Vierge
23%
30 novembre SA St André
23%
24 août SB St Barthélémy
23%
10 août SL St Laurent
15%
31 mai VDLVM Visitation de la Vierge Marie
15%
14 septembre CG Croix Glorieuse
9%
3 mai SPESJ St Philippe et St Jacques
9%
29 septembre AMGR Archanges Michel Gabriel et Raphaël
8%
25 juillet SJLM St Jacques le Majeur
8%
14 mai SM St Matthias
8%
28 décembre SI Sts Innocents
8%
8 août TDS Transfiguration du Seigneur
8%
25 janvier CSDP Conversion de St Paul
6%
28 octobre SSESJ St Simon et St Jude
6%
22 février CDSP Chaire de St Pierre
2%
9 novembre DDLBSJDL Dédicace de la Basilique St Jean de Latran
2%
Aucun quiz correspondant
Distribution des résultats
% des personnes avec chaque résultat
Percentile par nombre de réponses
Votre historique - résultats
Vous n’avez pas pris ce quiz